000 00285nam a2200121Ia 4500
008 220216s9999 xx 000 0 und d
100 _aMathew N.M.
245 0 _aChemicals for vulcanization
260 _bRubber Asia
_c1993
300 _a79-83
650 _aVulcanization
942 _cBS
999 _c50948
_d50948